[Event "IECC P email"]
[Site "IECC email"]
[Date "2002.05.23"]
[Round "?"]
[White "Wozniak, Zbigniew"]
[Black "Lagas, Peter"]
[Result "0-1"]
[WhiteElo "1203"]
[BlackElo "1707"]
[PlyCount "66"]
[EventDate "2002.??.??"]
[EventType "tourn (corr)"]
[EventRounds "6"]
[SourceTitle "Corr 2008"]
[Source "ChessBase"]
[SourceDate "2008.06.24"]
[SourceVersion "1"]
[SourceVersionDate "2008.06.24"]
[SourceQuality "1"]

1. e4 c5 2. Nf3 d6 3. d4 cxd4 4. Nxd4 Nf6 5. Nc3 a6 6. Be2 e5 7. Nb3 Be7 8. 0-0 0-0 9. Be3 Be6 10. Qd2 Nbd7 11. Rfd1 b5 12. a3 Nc5 13. Nxc5 dxc5 14. Bf3 Qc7 15. Bg5 Rad8 16. Qe3 Rfe8 17. Nd5 Bxd5 18. exd5 e4 19. Bxf6 Bxf6 20. Bxe4 Bxb2 21. Ra2 f5 22. Rxb2 Rxe4 23. Qc3 Qe5 24. Qxe5 Rxe5 25. Kf1 Rexd5 26. Rxd5 Rxd5 27. Ke2 g5 28. Rb3 Kf7 29. g3 Rd4 30. Rd3 Rxd3 31. Kxd3 Ke6 32. h3 Kd5 33. h4 gxh4 0-1

[Event "IECC Y2KO email"]
[Site "IECC email"]
[Date "2001.09.24"]
[Round "?"]
[White "Lagas, Peter"]
[Black "Dorado, Fernando"]
[Result "1/2-1/2"]
[WhiteElo "1696"]
[BlackElo "2012"]
[PlyCount "88"]
[EventDate "2001.??.??"]
[EventType "tourn (corr)"]
[EventRounds "6"]
[SourceTitle "Corr 2008"]
[Source "ChessBase"]
[SourceDate "2008.06.24"]
[SourceVersion "1"]
[SourceVersionDate "2008.06.24"]
[SourceQuality "1"]

1. d4 d5 2. c4 c6 3. Nf3 Nf6 4. cxd5 cxd5 5. Nc3 Nc6 6. Bf4 Bf5 7. e3 e6 8. Ne5 Nxe5 9. Bxe5 Nd7 10. Qb3 Nxe5 11. dxe5 Be7 12. Bb5+ Kf8 13. 0-0 Qc7 14. Be2 b6 15. f4 Qc5 16. Na4 Qb4 17. Rac1 Qxb3 18. axb3 g5 19. g4 Be4 20. f5 exf5 21. gxf5 Bb4 22. Nc3 Bc5 23. Nxe4 dxe4 24. Kf2 Kg7 25. Rg1 h6 26. Rc4 a5 27. Rxe4 Rad8 28. Rd1 Rxd1 29. Bxd1 Rd8 30. Ke2 h5 31. Bc2 g4 32. Bd3 Re8 33. Bc4 Bb4 34. Bb5 Rc8 35. Rc4 Rxc4 36. bxc4 h4 37. Kf2 Bc5 38. Bd7 g3+ 39. hxg3 hxg3+ 40. Kxg3 Bxe3 41. b3 f6 42. e6 Kf8 43. Kf3 Bc5 44. Ke4 Ke7 1/2-1/2